Повести и рассказы; О Шмелеве; Человек из ресторана; Росстани; Забавное приключение; Неупиваемая чаша; Чужой крови; "Наполеон"; Москвой; Мартын и Кинга
| Autor principal: | |
|---|---|
| Idioma: | rus |
| Publicat: |
Москва, Художественная литература, 1966
|
| Copublished: | О. Михайлов. О Шмелеве |
| TOC: | Человек из ресторана; Росстани; Забавное приключение; Неупиваемая чаша; Чужой крови; "Наполеон"; Москвой; Мартын и Кинга; |
| Matèries: | |
| Format: | Llibre |
| KOHA link: | https://koha.lib.tpu.ru/cgi-bin/koha/opac-detail.pl?biblionumber=82120 |
MARC
| LEADER | 00000nam0a2200000 4500 | ||
|---|---|---|---|
| 001 | 82120 | ||
| 005 | 20231101213218.0 | ||
| 035 | |a (RuTPU)RU\TPU\book\88266 | ||
| 090 | |a 82120 | ||
| 100 | |a 20050928d1966 m y0rusy50 ca | ||
| 101 | 0 | |a rus | |
| 102 | |a RU | ||
| 105 | |a a z 000ab | ||
| 200 | 1 | |a Повести и рассказы |f И. С. Шмелев | |
| 210 | |a Москва |c Художественная литература |d 1966 | ||
| 215 | |a 367 с. |c ил. | ||
| 423 | |t О Шмелеве |f О. Михайлов |a Михайлов, О. | ||
| 464 | |t Человек из ресторана | ||
| 464 | |t Росстани | ||
| 464 | |t Забавное приключение | ||
| 464 | |t Неупиваемая чаша | ||
| 464 | |t Чужой крови | ||
| 464 | |t "Наполеон" | ||
| 464 | |t Москвой | ||
| 464 | |t Мартын и Кинга | ||
| 600 | 1 | |a Шмелев |b И. С. |f 1873-1950 |g Иван Сергеевич |c русский писатель |2 stltpush |3 (RuTPU)RU\TPU\pers\12181 | |
| 610 | 1 | |a русская литература | |
| 610 | 1 | |a повести | |
| 610 | 1 | |a рассказы | |
| 675 | |a Р1 |v 3 | ||
| 700 | 1 | |a Шмелев |b И. С. |c русский писатель |f 1873-1950 |g Иван Сергеевич |2 stltpush |3 (RuTPU)RU\TPU\pers\12181 |9 3216 | |
| 801 | 1 | |a RU |b 63413507 |c 20050928 |g PSBO | |
| 801 | 2 | |a RU |b 63413507 |c 20130912 |g RCR | |
| 942 | |c BK | ||